01009nam a2200277Ia 4500003000400000005001700004008004100021020001800062040000700080041001200087082001500099100002500114245010500139260003400244300003000278365001400308440001300322650003700335650003000372700002900402700002400431906009600455942001200551999001900563952014900582OSt20250813112457.0210423s2016 xx 000 0 und d a9789382159865 cAL aEnglish a323 bAROI aNeelam Arora9118761 aIssues and challenges in human rights in contemporary Indiab: a multi-dimentional approach Volume 2 aJaipurbMark Publishersc2016 aix, 549p.bHBc22x14.5cm. b2250cINR vVolume 2 aCivil & Political Rights9118762 aPolitical Science9118763 aKadli, Jayadev H9235312 aLasune, S V9235313 aapproach ; challenges ; contemporary ; human ; India: ; Issues ; multi-dimentional ; rights 2ddccBK c176488d176488 001040708MSWaSACPGbSACPGd2016-09-01eSaraswathi Publisherg2250.00l3o323 AROIpPG023192r2023-09-16 00:00:00s2023-09-09w2021-04-26yBK